| 000 | 00769nas a2200253Ia 4500 | ||
|---|---|---|---|
| 001 | R821/50940 | ||
| 003 | IT-RoPAU | ||
| 008 | 151124c99999999xx |||||||||||| ||und|| | ||
| 040 | _aIT-RoPAU | ||
| 040 | _cIT-RoPAU | ||
| 041 | _aITALIANO | ||
| 100 |
_aAA.VV. _gCodice Aut. SPICS: 12000 |
||
| 210 | _aTEATRO PER TUTTI | ||
| 222 | _aTeatro Per Tutti | ||
| 245 |
_aTEATRO PER TUTTI, ANNO 09-N.08 (1938) _bTeatro Per Tutti, Anno 09-N.08 (1938) |
||
| 250 | _a1a ed. | ||
| 260 |
_aMILANO _bBIETTI _c1938 |
||
| 501 |
_bPaulus - SPICS - Società San Paolo EM (non-commercial uses only) _cCopyright2015 |
||
| 300 | _a36 p. | ||
| 310 | _aMENSILE | ||
| 362 | _aANNO 009, N.08 (1938) | ||
| 650 |
_aTEATRO - DANZA - DRAMMATURGIA _vPUBBLICAZIONE PERIODICA |
||
| 942 | _cCR | ||
| 999 |
_c125790 _d125790 |
||